000 00620nam a2200169 a 4500
001 23467
005 20180713221533.0
008 140415s1983 mx 000 0 spa d
020 _a9686664106
041 _aspa
082 _a060.9
_bFUN
245 0 0 _aFUNDADORES DE EL COLEGIO NACIONAL VISTOS POR SUS COLEGAS :
_bMARIANO AZUELA, ALFONSO CASO, CARLOS CHAVEZ, EZEQUIEL A CHAVEZ, IGNACIO MARTINES, ISAAC OCHOTERENA, EZEQUIEL ORDOƑES, JOSE CLEMENTO OROZCO, ALFONSO REYES, ....
250 _a1a ed.
260 _aMEXICO :
_bEL COLEGIO NACIONAL,
_c1983
300 _a251
650 1 4 _aESCUELAS
_xFUNDADORES
999 _c23467
_d23467